Seas at the millennium : an environmental evaluation

Other Authors: Sheppard, Charles (Charles R. C.)
Language:English
Published: New York: Pergamon (an imprint of Elsevier Science Ltd.), 2000.
Subjects:
LEADER 01228cam a2200277 7i4500
001 0000015149
005 20100706090000.0
008 100706s2000 -uk eng
020 # 0 |a 9780080432076  
020 # 0 |a 0080432077 (alk. paper)  
090 0 0 |a QH 541.5 .S3   |b S4 2000 
245 1 0 |a Seas at the millennium :   |b an environmental evaluation   |c edited by Charles Sheppard. 
260 # # |a New York:   |b Pergamon (an imprint of Elsevier Science Ltd.),   |c 2000. 
300 # # |a 3v. (various pagings):   |b col. ill., map;   |c 30 cm.. 
500 # # |a Volume I : regional chapters : the Europe, the Americas and west Africa 
500 # # |a Volume II : regional chapters : the Indian ocean to the pacific 
500 # # |a Volume III : global issues and processes 
504 0 0 |a Includes bibliographical references 
650 0 0 |a Marine ecology  
700 1 1 |a Sheppard, Charles (Charles R. C.)  
999 |a 2000130073  |b Book  |c Open Shelf  |e KOLEKSI TERBUKA 
999 |a 2000130075  |b Book  |c Open Shelf  |e KOLEKSI TERBUKA 
999 |a 2000130074  |b Book  |c Open Shelf  |e KOLEKSI TERBUKA 
999 |a 1100052003  |b Book  |c Open Shelf  |e KOLEKSI TERBUKA 
999 |a 1100052002  |b Book  |c Open Shelf  |e KOLEKSI TERBUKA 
999 |a 1100052001  |b Book  |c Open Shelf  |e KOLEKSI TERBUKA